Superman Villains by Picture - Statistics

General Stats
  • This quiz has been taken 314 times
  • The average score is 8 of 16
Answer Stats
Picture Answer % Correct
Lex Luthor
99%
Bizarro
91%
Brainiac
91%
Doomsday
84%
General Zod
82%
Metallo
55%
Toy Man
51%
Cyborg Superman
48%
Mister Mxyzptlk
48%
Parasite
48%
Livewire
43%
Silver Banshee
30%
Ultra-Humanite
29%
Prankster
15%
Titano the Super-Ape
13%
Kryptonite Man
11%
No matching quizzes found
Score Distribution
Percent of People with Each Score
Percentile by Number Answered
Your Score History
You have not taken this quiz